Sports Quiz

Random Sports or Football Quiz

2014-15 Bowl Teams Quiz Stats

 Plays Quiz not verified by Sporcle

Score 0/76 Timer 10:00
0 Plays Today
% Correct
Baylor
97.5%
Alabama
96.3%
Auburn
95.1%
Boise State
95.1%
Florida State
95.1%
Iowa
95.1%
Arizona
93.8%
Clemson
93.8%
Georgia
93.8%
Oklahoma
93.8%
Ohio State
93.8%
Notre Dame
93.8%
Michigan State
93.8%
Duke
92.6%
Florida
92.6%
Kansas State
92.6%
Texas A&M
92.6%
Texas
92.6%
Missouri
92.6%
TCU
91.4%
Stanford
91.4%
Oregon
91.4%
North Carolina
91.4%
Nebraska
91.4%
Mississippi State
91.4%
Miami (FL)
91.4%
Louisville
91.4%
Arizona State
90.1%
Ole Miss
90.1%
Minnesota
90.1%
Arkansas
88.9%
Georgia Tech
88.9%
Penn State
88.9%
Wisconsin
87.7%
Washington
87.7%
Utah
87.7%
Pittsburgh
87.7%
Brigham Young
86.4%
% Correct
South Carolina
86.4%
Oklahoma State
86.4%
Boston College
85.2%
Cincinnati
85.2%
East Carolina
85.2%
Tennessee
85.2%
Virginia Tech
84%
UCLA
84%
Southern Cal
84%
Houston
82.7%
Maryland
82.7%
West Virginia
81.5%
NC State
80.2%
Louisiana State
79%
Central Florida
77.8%
Memphis
77.8%
Fresno State
76.5%
Navy
76.5%
Marshall
76.5%
San Diego State
75.3%
Colorado State
72.8%
Northern Illinois
72.8%
Rutgers
71.6%
Illinois
70.4%
Air Force
69.1%
Central Michigan
67.9%
Louisiana Tech
65.4%
Arkansas State
63%
Louisiana-Lafayette
61.7%
Rice
59.3%
Nevada
59.3%
Western Michigan
58%
Utah State
55.6%
Bowling Green
54.3%
Western Kentucky
49.4%
Toledo
46.9%
South Alabama
42%
UTEP
35.8%

You're not logged in!

Compare scores with friends on all Sporcle quizzes.
OR
Log In

Sporcle TV

Today on Sporcle TV


Watch our educational content, quiz creation guides, and fun videos on Sporcle TV.

Show Comments

Extras

Top Quizzes Today


Score Distribution

Your Account Isn't Verified!

In order to create a playlist on Sporcle, you need to verify the email address you used during registration. Go to your Sporcle Settings to finish the process.

Report this User

Report this user for behavior that violates our Community Guidelines.

Details: